000 00697nam a2200193Ia 4500
008 151121s9999||||xx |||||||||||||| ||und||
082 _a813/साने
082 _bHNW-74345
100 _aसाने भालचंद्र श्रीधर
245 _aश्रावण होई उदास
260 _b"मेहता प्रकाशन, पुणे।"
260 _c--
300 _a123
600 _aसाने भालचंद्र श्रीधर
630 _aश्रावण होई उदास
700 _aसाने भालचंद्र श्रीधर
730 _aश्रावण होई उदास
942 _cBOOK
999 _c1255795
_d1255792